MARC

LEADER 00000nam0a2200000 4500
001 32905
005 20231030205558.0
035 |a (RuTPU)RU\TPU\book\33216 
035 |a BOOK00000009 
090 |a 32905 
100 |a 20011210d1973 k y0rusy50 ca 
101 1 |a rus  |c eng 
102 |a RU 
105 |a a z 001zy 
200 1 |a Основы оптики  |e пер. с англ.  |f М. Борн, Э. Вольф 
205 |a 2-е изд., испр. 
210 |a Москва  |c Наука  |d 1973 
215 |a 719 с.  |c ил. 
320 |a Библиогр. в конце глав 
320 |a Предм. указ.: с. 713-719. 
610 1 |a физика 
610 1 |a оптика 
610 1 |a поляризация 
610 1 |a аберрации 
610 1 |a приборы оптические 
610 1 |a дифракция 
610 1 |a волны ультразвуковые 
610 1 |a металлооптика 
610 1 |a кристаллооптика 
610 1 |a свет 
675 |a 535  |v 3 
700 1 |a Борн  |b М.  |g Макс 
701 1 |a Вольф  |b Э.  |g Эмиль 
801 0 |a RU  |b 63413507  |c 20011210  |g PSBO 
801 2 |a RU  |b 63413507  |c 20201118  |g PSBO 
942 |c BK